Cómo ser un buen maestro : una introducción a la pedagogía /

Guardado en:
Autor Principal: Adams, Sam
Otros Autores: Garrett, John L
Formato: Libro
Publicado: Buenos Aires : Kapelusz, 1970
Series:Biblioteca de Cultura Pedagógica; No. 117
Materias:
Etiquetas: Agregar Etiqueta
Sin Etiquetas, Sea el primero en etiquetar este registro!
LEADER 01268nam a22002535a 4500
001 CEM.cems000316
005 20061013190310.0
008 130507s1970##################000#0#####d
003 CEMS
082 0 4 |a 370.7 
100 1 |a Adams, Sam 
245 1 0 |a Cómo ser un buen maestro :  |b una introducción a la pedagogía /  |c Sam Adams ; john L. Garrett 
260 |a Buenos Aires :  |b Kapelusz,  |c 1970 
300 |a 253 p. 
490 0 |a Biblioteca de Cultura Pedagógica; No. 117 
505 0 |a Qué es un maestro ? -- Quién ha de ser maestro? -- Cuáles son los requisitos formativo-culturales del maestro? -- Cuál es el status de los maestros ? -- Algunas decisiones que debe tomar el maestro -- Qué retribuciones percibe el maestro -- Qué es la enseñanza? -- Cómo planificamos la enseñanza ? -- Qué enseñamos? -- Cuáles son los instrumentos para enseñar? -- Enseñanza, test y pruebas evaluación -- Aprendizaje y enseñanza -- Disciplina y enseñanza 
653 |a Disciplina escolar 
653 |a Educación 
653 |a Enseñanza primaria 
653 |a Formación docente 
653 |a Pedagogía 
700 1 |a Garrett, John L 
859 |a CEMS  |b BIB. CEMS - 11 de abril  |h 370.7  |i Ad19  |p 3712.75  |t Ej.1 
859 |a CEMS  |b BIB. CEMS - 11 de abril  |h 370.7  |i Ad19  |p 3744.75  |t Ej.2